[Event "C'Chartres Blitz op April"]
[Site "Europe Echecs INT"]
[Date "2021.04.10"]
[Round "5"]
[White "Kharbouch, Mounir"]
[Black "Bulmaga, Irina"]
[Result "1-0"]
[WhiteElo "2218"]
[BlackElo "2440"]
[PlyCount "152"]
[EventDate "2021.04.10"]
[EventType "swiss (blitz)"]
[EventRounds "11"]
[EventCountry "FRA"]
[SourceTitle "CBM 201 Extra"]
[Source "ChessBase"]
[SourceDate "2021.05.31"]
[SourceVersion "1"]
[SourceVersionDate "2021.05.31"]
[SourceQuality "1"]

1. Nf3 Nf6 2. e3 e6 3. b3 b6 4. Bb2 Bb7 5. Be2 Be7 6. 0-0 0-0 7. c4 c5 8. d4 cxd4 9. Nxd4 d5 10. Nc3 Nbd7 11. Bf3 Ne5 12. cxd5 Nxf3+ 13. Nxf3 Nxd5 14. Nxd5 Qxd5 15. Qxd5 Bxd5 16. Rfd1 f6 17. Rac1 Rac8 18. Nd4 Kf7 19. f3 g6 20. e4 Ba8 21. Nb5 a6 22. Nd6+ Bxd6 23. Rxd6 Rxc1+ 24. Bxc1 Rc8 25. Be3 Rc2 26. Rd7+ Ke8 27. Rxh7 Bc6 28. Bxb6 Rxa2 29. Bc5 Rc2 30. b4 Bd7 31. Re7+ Kd8 32. Rg7 g5 33. Be7+ Kc7 34. Bxf6 Rc4 35. Be7 Rc1+ 36. Kf2 Rc2+ 37. Kg3 Bb5 38. Rxg5 Bf1 39. Kh3 Kd7 40. Bc5 Rc3 41. Kh4 Rc2 42. Kh3 Rc3 43. Kg3 Rc2 44. h4 Rxg2+ 45. Kf4 Rh2 46. h5 Be2 47. Ke3 Bd1 48. Rg7+ Kc6 49. Rg6 Kd7 50. h6 Rh3 51. Rg7+ Kc6 52. h7 Bxf3 53. Rg3 Rxh7 54. Rxf3 Rh1 55. Rf6 Kd7 56. e5 Rh3+ 57. Kf4 Rh4+ 58. Kg5 Rh1 59. Kg6 Rh2 60. Rf7+ Kc6 61. Re7 Kd5 62. Bd6 Rg2+ 63. Kf7 Rf2+ 64. Ke8 Rh2 65. Kd7 Rh6 66. Kc7 Kc4 67. Kb6 Kd5 68. Kxa6 Rh1 69. Kb6 Rb1 70. b5 Rb2 71. Rc7 Rb3 72. Rc5+ Kd4 73. Kc6 Ra3 74. b6 Ra8 75. b7 Rg8 76. b8Q Rc8+ 1-0

[Event "C'Chartres Blitz op April"]
[Site "Europe Echecs INT"]
[Date "2021.04.10"]
[Round "9"]
[White "Kharbouch, Mounir"]
[Black "Vine, Thibault"]
[Result "1-0"]
[WhiteElo "2218"]
[BlackElo "1850"]
[PlyCount "112"]
[EventDate "2021.04.10"]
[EventType "swiss (blitz)"]
[EventRounds "11"]
[EventCountry "FRA"]
[SourceTitle "CBM 201 Extra"]
[Source "ChessBase"]
[SourceDate "2021.05.31"]
[SourceVersion "1"]
[SourceVersionDate "2021.05.31"]
[SourceQuality "1"]

1. Nf3 d5 2. e3 Nf6 3. b3 e6 4. Bb2 Bd6 5. Be2 0-0 6. 0-0 Nc6 7. d4 Ne7 8. Ne5 Ng6 9. f4 Ne4 10. Nd2 Nxd2 11. Qxd2 c5 12. Bd3 Qc7 13. Rf3 Bxe5 14. fxe5 c4 15. bxc4 dxc4 16. Be4 Bd7 17. Ba3 c3 18. Qd3 Rfe8 19. Bd6 Qa5 20. Raf1 Bb5 21. Qd1 Bxf1 22. Qxf1 Qxa2 23. Rxf7 Rac8 24. h4 Qc4 25. Bd3 Qd5 26. h5 Nf8 27. Rxg7+ Kxg7 28. Qf6+ Kg8 29. h6 Rc7 30. Bxc7 Qd7 31. Bd6 Qf7 32. Qg5+ Ng6 33. Bc4 a5 34. e4 a4 35. d5 Qf4 36. Qh5 Qh4 37. Qxh4 Nxh4 38. dxe6 Ng6 39. e7+ Kh8 40. Bf7 Rxe7 41. Bxg6 Re6 42. Bf7 Rxh6 43. Bc4 Kg7 44. e6 Rh4 45. e7 Rxe4 46. Bb5 Rxe7 47. Bxe7 a3 48. Bxa3 Kf6 49. Bd3 Ke5 50. Bb4 Kd4 51. Kf2 h6 52. Kf3 b5 53. Kg4 Ke3 54. Bxc3 Kf2 55. g3 b4 56. Bxb4 h5+ 1-0

[Event "C'Chartres Blitz op April"]
[Site "Europe Echecs INT"]
[Date "2021.04.10"]
[Round "2"]
[White "Perolini, Cedric"]
[Black "Kharbouch, Mounir"]
[Result "0-1"]
[WhiteElo "1706"]
[BlackElo "2218"]
[PlyCount "70"]
[EventDate "2021.04.10"]
[EventType "swiss (blitz)"]
[EventRounds "11"]
[EventCountry "FRA"]
[SourceTitle "CBM 201 Extra"]
[Source "ChessBase"]
[SourceDate "2021.05.31"]
[SourceVersion "1"]
[SourceVersionDate "2021.05.31"]
[SourceQuality "1"]

1. e4 c5 2. d4 cxd4 3. Nf3 Nc6 4. Nxd4 g6 5. Nxc6 bxc6 6. Nc3 Bg7 7. Bd2 d6 8. Bc4 Nf6 9. Qf3 0-0 10. Bg5 Qa5 11. Bd2 Qb6 12. 0-0 Bg4 13. Qd3 Nd7 14. Na4 Qb7 15. f3 Ne5 16. Qe2 Nxc4 17. Qxc4 Be6 18. Qd3 Rab8 19. Bc3 Bxc3 20. Qxc3 Qa6 21. b3 c5 22. Qd3 c4 23. Qe3 cxb3 24. cxb3 Rfc8 25. Rac1 Bd7 26. Rxc8+ Rxc8 27. Nc3 Be6 28. Rc1 Qa3 29. Kf2 h5 30. Ke2 a5 31. Kd2 a4 32. Ne2 Qxa2+ 33. Ke1 Rxc1+ 34. Qxc1 axb3 35. Nd4 b2 0-1

[Event "C'Chartres Blitz op"]
[Site "Europe Echecs INT"]
[Date "2020.11.28"]
[Round "2"]
[White "Kharbouch, Mounir"]
[Black "Kamsky, Gata"]
[Result "0-1"]
[WhiteElo "2218"]
[BlackElo "2665"]
[PlyCount "52"]
[EventDate "2020.11.28"]
[EventType "swiss (blitz)"]
[EventRounds "11"]
[EventCountry "FRA"]
[SourceTitle "CBM 199 Extra"]
[Source "ChessBase"]
[SourceDate "2021.01.31"]
[SourceVersion "1"]
[SourceVersionDate "2021.01.31"]
[SourceQuality "1"]

1. Nf3 Nf6 2. e3 g6 3. b3 Bg7 4. Bb2 d6 5. Be2 e5 6. d4 e4 7. Nfd2 0-0 8. c4 Re8 9. Nc3 Bf5 10. h3 g5 11. Qc2 Bg6 12. Nd5 Nxd5 13. cxd5 Nd7 14. Rc1 Rc8 15. a4 f5 16. 0-0 Nf6 17. Bc4 f4 18. g3 f3 19. Rfe1 Qe7 20. b4 Qf7 21. Qb3 Bf5 22. Bf1 Qh5 23. Qc4 Bxh3 24. Bxh3 Qxh3 25. Qf1 Qh5 26. Qc4 Ng4 0-1